Tilastot visalle Masked Singer Suomi kausi 2

Klikkaa tästä pelataksesi tätä visaa!

Yleistilastot

  • Tätä visaa on pelattu 22 kertaa
  • Keskiarvotulos 6 / 12

Vastaustilastot

Vastaus% Oikein
Susanna Laine
72%
Mikko Leppilampi
67%
Timo Jutila
67%
Jarkko Tamminen
56%
Krista Siegfrids
56%
Marja Hintikka
56%
Maija-Liisa Peuhu
50%
Kari Kanala
39%
Marko Hietala
33%
Petri Nygård
33%
Ina Mikkola
28%
Roman Schatz
17%

Tulosjakauma

Persentiili vastausten määrän mukaan

Jokaisen tuloksen saaneiden osuus

Tuloshistoriasi

Et ole pelannut tätä visaa